<?xml version="1.0" encoding="UTF-8"?>
<record
    xmlns:xsi="http://www.w3.org/2001/XMLSchema-instance"
    xsi:schemaLocation="http://www.loc.gov/MARC21/slim http://www.loc.gov/standards/marcxml/schema/MARC21slim.xsd"
    xmlns="http://www.loc.gov/MARC21/slim">

  <leader>00446nam a22001697a 4500</leader>
  <controlfield tag="005">20230310150634.0</controlfield>
  <controlfield tag="008">230310b           ||||| |||| 00| 0 eng d</controlfield>
  <datafield tag="020" ind1=" " ind2=" ">
    <subfield code="a">9780143423416</subfield>
  </datafield>
  <datafield tag="040" ind1=" " ind2=" ">
    <subfield code="c">OCLC</subfield>
  </datafield>
  <datafield tag="082" ind1=" " ind2=" ">
    <subfield code="2">23 RD ED</subfield>
    <subfield code="a">920</subfield>
    <subfield code="b">GAN</subfield>
  </datafield>
  <datafield tag="100" ind1=" " ind2=" ">
    <subfield code="a">RAMACHANDRA GUJHA</subfield>
    <subfield code="e">EDITOR</subfield>
  </datafield>
  <datafield tag="245" ind1=" " ind2=" ">
    <subfield code="a">GANDHI BEFORE INDIA</subfield>
    <subfield code="h">ENGLISH</subfield>
  </datafield>
  <datafield tag="250" ind1=" " ind2=" ">
    <subfield code="a">1ST ED</subfield>
  </datafield>
  <datafield tag="260" ind1=" " ind2=" ">
    <subfield code="a">HARYANA</subfield>
    <subfield code="b">PENGUIN RANDOM HOUSE INDIA</subfield>
    <subfield code="c">2014</subfield>
  </datafield>
  <datafield tag="300" ind1=" " ind2=" ">
    <subfield code="a">673P. ;</subfield>
    <subfield code="c">21 CM</subfield>
  </datafield>
  <datafield tag="942" ind1=" " ind2=" ">
    <subfield code="2">ddc</subfield>
    <subfield code="c">BK</subfield>
  </datafield>
  <datafield tag="999" ind1=" " ind2=" ">
    <subfield code="c">28977</subfield>
    <subfield code="d">28977</subfield>
  </datafield>
  <datafield tag="952" ind1=" " ind2=" ">
    <subfield code="0">0</subfield>
    <subfield code="1">0</subfield>
    <subfield code="2">ddc</subfield>
    <subfield code="4">0</subfield>
    <subfield code="7">0</subfield>
    <subfield code="8">REFHIS</subfield>
    <subfield code="a">MAIN</subfield>
    <subfield code="b">MAIN</subfield>
    <subfield code="c">BIOG#</subfield>
    <subfield code="d">2023-03-09</subfield>
    <subfield code="g">599.00</subfield>
    <subfield code="o">920 GAN</subfield>
    <subfield code="p">48885</subfield>
    <subfield code="r">2023-03-10 00:00:00</subfield>
    <subfield code="w">2023-03-10</subfield>
    <subfield code="y">BK</subfield>
    <subfield code="z">V</subfield>
  </datafield>
  <datafield tag="952" ind1=" " ind2=" ">
    <subfield code="0">0</subfield>
    <subfield code="1">0</subfield>
    <subfield code="2">ddc</subfield>
    <subfield code="4">0</subfield>
    <subfield code="7">0</subfield>
    <subfield code="8">REFHIS</subfield>
    <subfield code="a">MAIN</subfield>
    <subfield code="b">MAIN</subfield>
    <subfield code="c">BIOG#</subfield>
    <subfield code="d">2023-03-09</subfield>
    <subfield code="g">599.00</subfield>
    <subfield code="o">920 GAN</subfield>
    <subfield code="p">48886</subfield>
    <subfield code="r">2023-03-10 00:00:00</subfield>
    <subfield code="w">2023-03-10</subfield>
    <subfield code="y">BK</subfield>
    <subfield code="z">V</subfield>
  </datafield>
  <datafield tag="952" ind1=" " ind2=" ">
    <subfield code="0">0</subfield>
    <subfield code="1">0</subfield>
    <subfield code="2">ddc</subfield>
    <subfield code="4">0</subfield>
    <subfield code="7">0</subfield>
    <subfield code="8">REFHIS</subfield>
    <subfield code="a">MAIN</subfield>
    <subfield code="b">MAIN</subfield>
    <subfield code="c">BIOG#</subfield>
    <subfield code="d">2023-03-09</subfield>
    <subfield code="g">599.00</subfield>
    <subfield code="o">920 GAN</subfield>
    <subfield code="p">48887</subfield>
    <subfield code="r">2023-03-10 00:00:00</subfield>
    <subfield code="w">2023-03-10</subfield>
    <subfield code="y">BK</subfield>
    <subfield code="z">V</subfield>
  </datafield>
</record>
